[Event "ITA corr"]
[Site "Italy"]
[Date "1983.??.??"]
[Round "?"]
[White "Demicheli, G."]
[Black "Mauro, Lucio"]
[Result "0-1"]
[WhiteElo "1610"]
[BlackElo "1605"]
[PlyCount "72"]
[EventDate "1983.??.??"]
[EventType "tourn (corr)"]
[EventRounds "10"]
[EventCountry "ITA"]
[SourceTitle "Corr 2002"]
[Source "ChessBase"]
[SourceDate "2002.05.23"]
[SourceVersion "1"]
[SourceVersionDate "2002.05.23"]
[SourceQuality "1"]

1. c4 e5 2. Nc3 Nf6 3. g3 c6 4. Bg2 d5 5. cxd5 cxd5 6. d3 Nc6 7. Nf3 Be7 8. 0-0 0-0 9. d4 e4 10. Ne5 Be6 11. Nxc6 bxc6 12. f3 exf3 13. Bxf3 Nd7 14. e4 dxe4 15. Bxe4 Qb6 16. Kh1 f5 17. d5 fxe4 18. dxe6 Rxf1+ 19. Qxf1 Rf8 20. Bf4 Nc5 21. Qc4 Nd3 22. Rg1 Rxf4 23. gxf4 Nf2+ 24. Kg2 Qe3 25. Qe2 Qh3+ 26. Kxf2 Bh4+ 27. Rg3 Qxh2+ 28. Kf1 Qxg3 29. Nxe4 Qxf4+ 30. Kg2 Qe5 31. Kh3 Be7 32. Ng3 Qxe2 33. Nxe2 Bf6 34. b3 Kf8 35. Kg4 Ke7 36. Nf4 g5 0-1